Statistics for All Formula 1 Teams that gained a podium

Click here to take the quiz!

General Stats

  • This quiz has been taken 109 times
  • The average score is 26 of 61

Answer Stats

Number of podiumsTeam% Correct
798Ferrari
100%
282Mercedes
100%
239Red Bull
98%
494McLaren
97%
313Williams
95%
103Renault
93%
4Aston Martin
85%
26Alfa Romeo
84%
2Alpha Tauri
83%
197Lotus
83%
3Toro Rosso
80%
10Sauber
77%
2Alpine
72%
6Force India
70%
102Benetton
67%
15Brawn GP
66%
9Honda
64%
4Racing Point
64%
77Tyrrell
60%
124Brabham
58%
19Jordan
58%
2Jaguar
55%
13Toyota
53%
3Prost
52%
61BRM
50%
58Cooper
50%
5Porsche
48%
15BAR
47%
8Arrows
44%
50Ligier
44%
37Maserati
42%
17BMW Sauber
40%
13Vanwall
40%
21Matra
39%
5Stewart
36%
21March
31%
3Toleman
31%
13Wolf
27%
3Lola
22%
2Fittipaldi
20%
2Dallara
19%
7Hesketh
19%
1Lancia
19%
7Shadow
18%
2Surtees
17%
2Eagle
16%
1Footwork
16%
3Penske
16%
1Leyton House
14%
1Onyx
10%
2Talbot Lago
9%
2Gordini
8%
16Kurtis Kraft
8%
1Connaught
6%
3Kuzma
6%
5Watson
6%
1Copersucar
5%
2Deidt
3%
5Epperly
3%
1Lesovsky
3%
1Phillips
3%

Score Distribution

Percentile by Number Answered

Percent of People with Each Score

Your Score History

You have not taken this quiz